000 00384 a2200145 4500
001 170536
020 _a
040 _cMagnum
100 _aAgencia Regional de Noticias
240 1 0 _aClipping em educacao - 28/05/01 a 03/06/01 - ano ii - nº 89
_lpor
245 1 0 _aClipping em educacao - 28/05/01 a 03/06/01 - ano ii - nº 89
362 0 _a1899
697 _aENSINO
942 _cBK
999 _c170536
_d170536